| Tag |
First Indicator |
Second Indicator |
Subfields |
| LEADER |
00000cam a22000008a 4500 |
| 001 |
in00000766413 |
| 005 |
20151017052751.0 |
| 008 |
880727s1989 nyua b 00110 eng |
| 010 |
|
|
|a 88024157
|
| 020 |
|
|
|a 0898622794
|
| 035 |
|
|
|a (OCoLC)18463992
|
| 035 |
|
|
|9 ADL1705AM
|
| 040 |
|
|
|a DLC
|c DLC
|d TXA
|d UtOrBLW
|
| 049 |
|
|
|a TXAM
|c [A11892938]
|
| 050 |
0 |
0 |
|a RC451.4.P68
|b S72 1989
|
| 082 |
0 |
|
|a 365/.66
|2 19
|
| 100 |
1 |
|
|a Steadman, Henry J.
|
| 245 |
1 |
4 |
|a The mentally ill in jail :
|b planning for essential services /
|c Henry J. Steadman, Dennis W. McCarty, Joseph P. Morrissey.
|
| 264 |
|
1 |
|a New York :
|b Guilford Press,
|c 1989.
|
| 300 |
|
|
|a xiv, 242 pages :
|b illustrations
|
| 336 |
|
|
|a text
|b txt
|2 rdacontent
|
| 337 |
|
|
|a unmediated
|b n
|2 rdamedia
|
| 338 |
|
|
|a volume
|b nc
|2 rdacarrier
|
| 490 |
1 |
|
|a The Guilford law and behavior series
|
| 504 |
|
|
|a Includes bibliographical references.
|
| 650 |
|
0 |
|a Prisoners
|x Mental health services.
|
| 650 |
|
0 |
|a Mentally ill offenders
|x Mental health services.
|
| 700 |
1 |
|
|a McCarty, Dennis W.
|
| 700 |
1 |
|
|a Morrissey, Joseph P.
|
| 830 |
|
0 |
|a Guilford law and behavior series.
|
| 999 |
|
|
|a MARS
|
| 999 |
f |
f |
|s d552a4bd-ad83-3d7f-ba26-90e783109755
|i 2528d044-94e2-3b74-b6d1-833197002c42
|t 0
|
| 952 |
f |
f |
|p ric
|a Texas A&M University
|b Rellis Campus
|c Joint Library Facility
|d Remote Storage
|t 0
|e RC451.4.P68 S72 1989
|h Library of Congress classification
|i unmediated -- volume
|m A14811892938
|
| 998 |
f |
f |
|a RC451.4.P68 S72 1989
|t 0
|l Remote Storage
|